00300nam a2200121Ia 4500008004100000041000900041082001500050100001800065245004400083260003500127300000800162650000800170230718s9999 xx 000 0 und d aEng. a342bKHU-C aKhurram Malik 0aConstitution made easy (United Kingdom) aPakistanbUrdu Bazar lhrc2011 a672 aLaw